Statistics for The Legend of Zelda: Majora's Mask - Characters

Click here to take the quiz!

General Stats

  • This quiz has been taken 866 times
  • The average score is 17 of 37

Answer Stats

HintAnswer% Correct
The HeroLink
100%
Steals the hero's OcarinaSkull Kid
92%
The fairy that accompanies the heroTatl
83%
The above character's brotherTael
80%
Sells you maps and thinks he's a fairyTingle
79%
Asks you to retrieve Majora's MaskHappy Mask Salesman
72%
Final Boss, first formMajora's Mask
70%
Got turned into a childKafei
67%
Runs the Stock Pot InnAnju
60%
Final Boss, third formMajora's Wrath
60%
GravekeeperDampe
59%
Ranch hand, youngerRomani
57%
Fox who quizzes you if you find himKeaton
55%
The source of the Goron maskDarmani
52%
Final Boss, second formMajora's Incarnation
49%
Ranch hand, elderCremia
46%
The source of the Zora maskMikau
46%
Composer brother, elderSharp
43%
Composer brother, youngerFlat
41%
Indigo-go's singer who loses her voiceLulu
40%
The Southern Swamp witchesKoume & Kotake
38%
The owlKaepora Gaebora
37%
Thief who steals bombs and the Sun's MaskSakon
35%
Blocks the path to SnowheadBiggoron
34%
Frog choir conductorDon Gero
34%
Mysterious dancer north of Clock Town at nightKamaro
30%
Couple who run a different minigame each dayHoney & Darling
29%
Gives you a crying mask of his faceGorman
28%
Leader of the BombersJim
28%
Plays a music box and gives you the Bremen maskGuru Guru
26%
Little girl living in the music box house in IkanaPamela
21%
The mayor of Clock TownMayor Dotour
19%
Indigo-go's pianist and band leaderEvan
17%
Boss of the carpentersMutoh
15%
Indigo-go's band managerToto
14%
Leader of the piratesAveil
12%
Runs the dog trackMamamu Yan
9%

Score Distribution

Percentile by Number Answered

Percent of People with Each Score

Your Score History

You have not taken this quiz